<?xml version="1.0" encoding="UTF-8"?>
<record
    xmlns:xsi="http://www.w3.org/2001/XMLSchema-instance"
    xsi:schemaLocation="http://www.loc.gov/MARC21/slim http://www.loc.gov/standards/marcxml/schema/MARC21slim.xsd"
    xmlns="http://www.loc.gov/MARC21/slim">

  <leader>02510nam a22001697a 4500</leader>
  <controlfield tag="008">121120t        xxu||||| |||| 00| 0 eng d</controlfield>
  <datafield tag="020" ind1=" " ind2=" ">
    <subfield code="a">0072861304</subfield>
  </datafield>
  <datafield tag="050" ind1=" " ind2=" ">
    <subfield code="a">HF5415.M34</subfield>
  </datafield>
  <datafield tag="100" ind1=" " ind2=" ">
    <subfield code="a">Richardson, John E.</subfield>
  </datafield>
  <datafield tag="245" ind1=" " ind2=" ">
    <subfield code="a">Marketing: 04/05: annual editions. /</subfield>
    <subfield code="c">John E. Richardson</subfield>
  </datafield>
  <datafield tag="260" ind1=" " ind2=" ">
    <subfield code="a">U.S.A:</subfield>
    <subfield code="b">McGraw - Hill:</subfield>
    <subfield code="c">2004.</subfield>
  </datafield>
  <datafield tag="300" ind1=" " ind2=" ">
    <subfield code="a">xvi, 223 p.:</subfield>
    <subfield code="b">ill.;</subfield>
    <subfield code="c">26cm.</subfield>
  </datafield>
  <datafield tag="500" ind1=" " ind2=" ">
    <subfield code="a">Includes index and glossary.</subfield>
  </datafield>
  <datafield tag="505" ind1=" " ind2=" ">
    <subfield code="a">Contents: Marketing in the 2000s and beyond: Changing perspectives: The next 25 years -- High performance marketing -- Marketing high technology: Preparation, targeting, positioning, execution -- The Customer profitability conundrum: When to love 'Em or leave 'Em -- Entreprenuers' biggest problems-and how they solve them -- The Marketing concept: Marketing myopia (with retrospective commentary) -- Why customer satisfaction starts with HR -- Start with customer -- What drives customer equity? -- Services and social marketing: Services communications: From mindless tangibilization to meaningful messages -- Why service stinks -- Marketing ethics and social responsibility: Trust in the marketplace -- Research. markets and consumer behavior: Market research: A Different approach for developing new products or services -- Product by design -- Surviving innovation -- Markets and demographics: A Beginner's guide to dermographics -- Defining luxury: Oh, the good life -- Emailing aging boomers vs. ''seniors'' -- Race, ethnicity and the way we shop -- Asian-American consumers as a unique market segment: fact or fallacy -- Consumer behavior: Defining moments: Segmenting by cohorts -- What are your customers saying -- Tough love -- Developing and implementing marketing strategies: The Very model of a modern marketing plan: Product of the purple cow -- Have it your way -- The Hole story: How Krispy Kreme became the hottest brand in America -- Pricing: Kamikaz pricing -- Which price is right -- Most valuable players -- Distribution: The Old pillars of new retailing -- When worlds collide -- Top stores put to the test -- Promotion: Tips for distguishing your Ads from bad Ads -- Living up and down the dial -- Counting eyes on billboards -- Global marketing: Segmenting global markets: Look before you leap -- International marketing research: A Management briefing -- Small packets, big business -- Time for marketers to grow up -- Cracking China's market -- The Lure of global branding -- Appendix I: Industry/company guide.</subfield>
  </datafield>
  <datafield tag="650" ind1=" " ind2=" ">
    <subfield code="a">Marketing.</subfield>
  </datafield>
  <datafield tag="942" ind1=" " ind2=" ">
    <subfield code="2">lcc</subfield>
    <subfield code="c">BK</subfield>
  </datafield>
  <datafield tag="999" ind1=" " ind2=" ">
    <subfield code="c">2553</subfield>
    <subfield code="d">10053</subfield>
  </datafield>
  <datafield tag="952" ind1=" " ind2=" ">
    <subfield code="0">0</subfield>
    <subfield code="1">0</subfield>
    <subfield code="2">lcc</subfield>
    <subfield code="4">0</subfield>
    <subfield code="7">0</subfield>
    <subfield code="a">WIUC-1</subfield>
    <subfield code="b">WIUC-1</subfield>
    <subfield code="c">REF</subfield>
    <subfield code="d">2012-11-20</subfield>
    <subfield code="l">0</subfield>
    <subfield code="o">HF5415.M34</subfield>
    <subfield code="p">6766/12</subfield>
    <subfield code="r">2012-11-20 00:00:00</subfield>
    <subfield code="t">1</subfield>
    <subfield code="w">2012-11-20</subfield>
    <subfield code="y">BK</subfield>
  </datafield>
</record>
